LEADER 00938nam0-2200313---450- 001 990009833720403321 005 20140306124946.0 010 $a978-88-8497-243-9 035 $a000983372 035 $aFED01000983372 035 $a(Aleph)000983372FED01 035 $a000983372 100 $a20140306d2013----km-y0itay50------ba 101 0 $aita 102 $aIT 105 $aa-------001yy 200 1 $aSaper credere in architettura$ecinquanta domande a Marco Dezzi Bardeschi$fa cura di Andrea Iacomoni 210 $aNapoli$cClean Edizioni$d2013 215 $a127 p.$cill.$d15 cm 225 1 $aInterviste$v42 700 1$aDezzi Bardeschi,$bMarco$f<1934- >$011210 702 1$aIacomoni,$bAndrea$carchitetto>$f<1973- ; 801 0$aIT$bUNINA$gRICA$2UNIMARC 901 $aBK 912 $a990009833720403321 952 $aMON A 218$b20879$fFARBC 959 $aFARBC 996 $aSaper credere in architettura$9836375 997 $aUNINA LEADER 01561nas 2200493- 450 001 996411344203316 005 20230315213034.0 035 $a(OCoLC)1246319504 035 $a(CKB)4100000011815570 035 $a(CONSER)--2022238920 035 $a(EXLCZ)994100000011815570 100 $a20210408a20109999 --- b 101 0 $aita 135 $aur|n||||||||| 181 $ctxt$2rdacontent 182 $cc$2rdamedia 183 $acr$2rdacarrier 200 00$aArchAlp 210 1$aTorino :$cIstituto di Architettura Montana, Politecnico di Torino 210 31$aBologna :$cBononia University Press srl 300 $aRefereed/Peer-reviewed 311 $a2611-8653 517 3 $aArchitettura Alpina 517 1 $aIAM ArchAlp 531 0 $aArchAlp (Online) 606 $aArchitecture$zAlps Region$vPeriodicals 606 $aLandscape architecture$zAlps Region$vPeriodicals 606 $aArchitecture$zAlpes$vPériodiques 606 $aArchitecture du paysage$zAlpes$vPériodiques 606 $aLandscape architecture$2fast$3(OCoLC)fst00991814 606 $aArchitecture$2fast$3(OCoLC)fst00813346 607 $aAlps Region$2fast 608 $aPeriodicals.$2fast 615 0$aArchitecture 615 0$aLandscape architecture 615 6$aArchitecture 615 6$aArchitecture du paysage 615 7$aLandscape architecture. 615 7$aArchitecture. 712 02$aPolitecnico di Torino.$bIstituto di Architettura Montana, 906 $aJOURNAL 912 $a996411344203316 996 $aArchAlp$92018429 997 $aUNISA